Coastplace Ltd v Hartley and Another (Record no. 4239)

MARC details
000 -LEADER
fixed length control field 01454cab a2200181 4500
001 - CONTROL NUMBER
control field ABS37845
008 - FIXED-LENGTH DATA ELEMENTS--GENERAL INFORMATION
fixed length control field 090401t1987 xxu||||| |||| 00| 0 eng d
035 ## - SYSTEM CONTROL NUMBER
System control number (Sirsi) u7100
041 ## - LANGUAGE CODE
Language code of text/sound track or separate title eng
245 ## - TITLE STATEMENT
Title Coastplace Ltd v Hartley and Another
260 ## - PUBLICATION, DISTRIBUTION, ETC.
Date of publication, distribution, etc. 1987
350 ## - PRICE (NR) (BK AM CF MU VM SE) [OBSOLETE]
Price 0
490 ## - SERIES STATEMENT
Series statement Weekly Law Reports
Volume/sequential designation (1987) WLR 128901299(10)
520 ## - SUMMARY, ETC.
Summary, etc. QBD 3 February 1987 The plaintiffs brought an action against the defendants to enforce their covenants to pay on demand the rent payable but not paid by Larchwood Properties Ltd, as assignee of the lease . The landlords granted a licence for a lease to be assigned to the present tenant and under its terms the defendants covenanted to pay the landlords on demand any rent outstanding. "Landlord" was defined as including any person entitled to the reversion immediately expectant on the determination of the lease. The reversion was subsequently assigned to the plaintiffs, but without expressly assigning the benefit of the covenants entered into by the defendants. The tenant defaulted on the payment of the rent and the plaintiffs demanded that sum from the defendants and brought proceedings to recover the moneys outstanding. On the preliminary issue of whether the plaintiffs were entitled to the benefit of the covenants, QBD held that, although the covenants were not covenants of indemnit
690 ## - LOCAL SUBJECT ADDED ENTRY--TOPICAL TERM (OCLC, RLIN)
Topical term or geographic name as entry element LANDLORD AND TENANT-CASE LAW-BUSINESS TENANCIES
942 ## - ADDED ENTRY ELEMENTS (KOHA)
Suppress in OPAC 0
948 ## - LOCAL PROCESSING INFORMATION (OCLC); SERIES PART DESIGNATOR (RLIN)
c (OCLC) 04/03/1997
Holdings
Withdrawn status Lost status Source of classification or shelving scheme Damaged status Not for loan Home library Current library Shelving location Date acquired Total Checkouts Full call number Barcode Date last seen Copy number Price effective from Koha item type
    Dewey Decimal Classification     London London Journal article 14/09/1999   ABS37845 7100-1001 06/08/2019 1 06/08/2019 Law report